Statistics for AFL Premiers by year

Click here to take the quiz!

General Stats

  • This quiz has been taken 1,409 times
    (1,096 since last reset)
  • The average score is 41 of 120

Answer Stats

Year Answer % Correct
2015Hawthorn Hawks
82%
2016Western Bulldogs
80%
2010Collingwood Magpies
80%
2014Hawthorn Hawks
80%
2013Hawthorn Hawks
80%
2012Sydney Swans
79%
2009Geelong Cats
78%
2011Geelong Cats
77%
2008Hawthorn Hawks
77%
2007Geelong Cats
76%
2003Brisbane Lions
76%
2002Brisbane Lions
76%
2001Brisbane Lions
76%
2006West Coast Eagles
75%
2005Sydney Swans
74%
2004Port Adelaide Power
74%
2000Essendon Bombers
73%
1897Essendon Bombers
68%
1999North Melbourne Kangaroos
66%
1998Adelaide Crows
64%
1997Adelaide Crows
64%
1995Carlton Blues
56%
1996North Melbourne Kangaroos
53%
1994West Coast Eagles
52%
1989Hawthorn Hawks
51%
1992West Coast Eagles
51%
1990Collingwood Magpies
50%
1993Essendon Bombers
48%
1991Hawthorn Hawks
47%
1980Richmond Tigers
46%
1988Hawthorn Hawks
46%
1986Hawthorn Hawks
43%
1898Fitzroy Lions
42%
1983Hawthorn Hawks
42%
1966St Kilda Saints
40%
1987Carlton Blues
39%
1984Essendon Bombers
39%
1985Essendon Bombers
38%
1899Fitzroy Lions
37%
1981Carlton Blues
36%
1954Western Bulldogs
35%
1929Collingwood Magpies
35%
1982Carlton Blues
35%
1927Collingwood Magpies
35%
1930Collingwood Magpies
34%
1928Collingwood Magpies
34%
1977North Melbourne Kangaroos
31%
1970Carlton Blues
31%
1979Carlton Blues
30%
1978Hawthorn Hawks
30%
1956Melbourne Demons
30%
1957Melbourne Demons
30%
1960Melbourne Demons
29%
1976Hawthorn Hawks
29%
1955Melbourne Demons
28%
1900Melbourne Demons
28%
1902Collingwood Magpies
28%
1972Carlton Blues
27%
1971Hawthorn Hawks
27%
1901Essendon Bombers
27%
1958Collingwood Magpies
26%
1959Melbourne Demons
26%
1964Melbourne Demons
26%
1974Richmond Tigers
26%
1973Richmond Tigers
26%
1961Hawthorn Hawks
25%
1975North Melbourne Kangaroos
25%
1903Collingwood Magpies
24%
1906Carlton Blues
24%
1968Carlton Blues
24%
1907Carlton Blues
23%
1908Carlton Blues
23%
1963Geelong Cats
22%
1969Richmond Tigers
22%
1910Collingwood Magpies
21%
1967Richmond Tigers
21%
1965Essendon Bombers
20%
1933South Melbourne Swans
19%
1904Fitzroy Lions
19%
1962Essendon Bombers
19%
1953Collingwood Magpies
18%
1945Carlton Blues
18%
1911Essendon Bombers
17%
1905Fitzroy Lions
17%
1914Carlton Blues
17%
1909South Melbourne Swans
17%
1912Essendon Bombers
16%
1935Collingwood Magpies
16%
1915Carlton Blues
16%
1917Collingwood Magpies
16%
1950Essendon Bombers
15%
1944Fitzroy Lions
15%
1913Fitzroy Lions
15%
1919Collingwood Magpies
15%
1923Essendon Bombers
14%
1949Essendon Bombers
14%
1948Melbourne Demons
14%
1947Carlton Blues
14%
1946Essendon Bombers
14%
1916Fitzroy Lions
14%
1924Essendon Bombers
13%
1940Melbourne Demons
13%
1951Geelong Cats
13%
1952Geelong Cats
13%
1943Richmond Tigers
13%
1942Essendon Bombers
13%
1941Melbourne Demons
13%
1939Melbourne Demons
13%
1920Richmond Tigers
13%
1936Collingwood Magpies
13%
1938Carlton Blues
13%
1918South Melbourne Swans
12%
1926Melbourne Demons
12%
1921Richmond Tigers
12%
1922Fitzroy Lions
12%
1925Geelong Cats
11%
1934Richmond Tigers
11%
1932Richmond Tigers
11%
1931Geelong Cats
11%
1937Geelong Cats
10%

Score Distribution

Percentile by Number Answered

Percent of People with Each Score

Your Score History

You have not taken this quiz since the last reset